000 00309nam a2200133 i 4500
001 bg
100 1 _aKUZMUN, W. A.
245 0 _aTiristory maloj i srednej moscnosti /
_cW.A. Kuzmun.
260 _aMoskwa,
_c1971.
040 _cBPK
041 _apol
942 _cKS
008 s pl f |000 0 pol
999 _c9182
_d9182
856 _uhttp://koha.tu.koszalin.pl/cgi-bin/koha/opac-detail.pl?biblionumber=9182
_yKatalog online BPK